000 00807nam a22002177a 4500
999 _c61760
_d61760
005 20240429165419.0
008 240429s2006 enk||||| |||| 00| 0 eng d
020 _a007144159Xx
041 _aeng
080 _a616-006 M-10
100 _aMcPhee, Stephen J.
_921901
245 _aPathophysiology of Disease:
_bAn Introduction to Clinical Medicine /
_cStephen J. McPhee, William Ganong.
250 _aFifth Edition
264 _aNew York :
_bMcGraw-Hill,
_c2006.
300 _a761 p.:
_bill.;
_c24 cm.
653 _aდაავადების პათოფიზიოლოგია
653 _aშესავალი კლინიკურ მედიცინაში
653 _aმედიცინა
700 _aGanong, William
_eავტორი
_921984
942 _2udc
_cBK